| 000 | 00508nam a22001697a 4500 | ||
|---|---|---|---|
| 003 | NUST | ||
| 005 | 20260514112622.0 | ||
| 008 | 260514b ||||| |||| 00| 0 eng d | ||
| 020 | _a81-7024-808-6 | ||
| 082 |
_a333.7 _bPOR |
||
| 100 |
_aM.C. Porwal _9134465 |
||
| 245 |
_aRemote Sensing Analysis of Environmental Resources For Planning And Development / _cM.C. Porwal. |
||
| 260 |
_aIndia: _bA. P. H. Publishing Corporation, _c1997. |
||
| 300 |
_a302 p ; _c26.3 cm |
||
| 563 | _aHardcover | ||
| 942 |
_2ddc _cBK |
||
| 999 |
_c617457 _d617457 |
||